Chambers English dictionary / (Record no. 550413)
[ view plain ]
| 000 -LEADER | |
|---|---|
| fixed length control field | 00755mam a2200205 a 4500 |
| 020 ## - INTERNATIONAL STANDARD BOOK NUMBER | |
| International Standard Book Number | 0550102507 (Standard) |
| 082 ## - DEWEY DECIMAL CLASSIFICATION NUMBER | |
| Classification number | 423 |
| Author Mark | CHA |
| 245 00 - TITLE STATEMENT | |
| Title | Chambers English dictionary / |
| Statement of responsibility, etc. | consultant editors, Sidney Landau, W.S. Ramson ; editors, Catherine Schwarz ... [et al.] ; assistant editors, Pandora Kerr Frost ... [et al.]. |
| 260 ## - PUBLICATION, DISTRIBUTION, ETC. | |
| Place of publication, distribution, etc. | Edinburgh : |
| Name of publisher, distributor, etc. | Chambers, |
| Date of publication, distribution, etc. | 1992. |
| 300 ## - PHYSICAL DESCRIPTION | |
| Extent | xvi, 1583 p. ; |
| Dimensions | 26 cm. |
| 500 ## - GENERAL NOTE | |
| General note | Rev. ed. of: Chambers 20th century dictionary. 1983. |
| 526 ## - STUDY PROGRAM INFORMATION NOTE | |
| Program name | 0 |
| Interest level | 0 |
| Reading level | 0 |
| Title point value | 423_000000000000000_CHA |
| 650 #0 - SUBJECT ADDED ENTRY--TOPICAL TERM | |
| Topical term or geographic name entry element | English language |
| 650 #0 - SUBJECT ADDED ENTRY--TOPICAL TERM | |
| Topical term or geographic name entry element | MCE |
| 9 (RLIN) | 379 |
| 700 1# - ADDED ENTRY--PERSONAL NAME | |
| Personal name | Frost, Pandora Kerr. |
| 9 (RLIN) | 47117 |
| 700 1# - ADDED ENTRY--PERSONAL NAME | |
| Personal name | Landau, Sidney I. |
| 9 (RLIN) | 47118 |
| 700 1# - ADDED ENTRY--PERSONAL NAME | |
| Personal name | Ramson, W. S. |
| 9 (RLIN) | 47119 |
| 700 1# - ADDED ENTRY--PERSONAL NAME | |
| Personal name | Schwarz, C. M. |
| 9 (RLIN) | 47120 |
| 942 ## - ADDED ENTRY ELEMENTS (KOHA) | |
| Source of classification or shelving scheme | |
| Koha item type | Book |
| Withdrawn status | Lost status | Source of classification or shelving scheme | Damaged status | Not for loan | Permanent Location | Current Location | Date acquired | Total Checkouts | Full call number | Barcode | Date last seen | Price effective from | Koha item type |
|---|---|---|---|---|---|---|---|---|---|---|---|---|---|
| Military College of Engineering (MCE) | Military College of Engineering (MCE) | 11/07/2014 | 423 CHA | MCE-44134 | 11/07/2014 | 11/07/2014 | Book |
